Prehĺbenie polarizácie spoločnosti: analýza posunu v strednej časti rozdelení príjmov zamestnancov na Slovensku v rokoch 2005 až 2017

Salvato in:
Dettagli Bibliografici
Autore principale: Sipková, Ľubica, 1962-
Natura: Capitolo di libro
Lingua:inglese
Soggetti:
Tags: Aggiungi Tag
Nessun Tag, puoi essere il primo ad aggiungerne!!

MARC

LEADER 00000naa$a2200000$$$4500
001 0272007
005 20240502074304.9
041 0 |a eng 
044 |a SK 
245 1 0 |a Prehĺbenie polarizácie spoločnosti: analýza posunu v strednej časti rozdelení príjmov zamestnancov na Slovensku v rokoch 2005 až 2017  |c Ľubica Sipková 
500 |a abstrakt 
610 2 0 |a príjmy 
610 2 0 |a zamestnanci 
610 2 0 |a analýzy 
610 2 0 |a Slovensko 
100 1 |a Sipková, Ľubica, 1962-